| 000 | 01091nam0a22002651 4500 | ||
|---|---|---|---|
| 001 | rc\4460829 | ||
| 005 | 20260407051030.0 | ||
| 021 |
_aRU _b68-18820 |
||
| 021 |
_aRU _bРг2533-68 |
||
| 035 | _a(NLR Aleph) 008324643 | ||
| 090 |
_a8778603 _c8778603 |
||
| 100 | _a20130416d1967 |||y0rusy50 ca | ||
| 101 | 0 | _arus | |
| 102 | _aRU | ||
| 105 | _ay j ||||| | ||
| 200 | 1 |
_aИнструкция по учету учебной работы студентов-заочников сельскохозяйственных вузов _e[Утв. 27/ XI 1967 г.] _fГл. упр. высш. и сред. с.-х. образ. М-ва сел. хоз-ва |
|
| 210 |
_aМосква _cБ. и. _d1967 |
||
| 215 |
_a28 с., включ. обл. _d20 |
||
| 300 | _aВ вып. дан. дата: 1968 | ||
| 712 | 0 | 1 |
_aСССР _bГлавное управление высшего и среднего сельскохозяйственного образования _3RU\NLR\AUTH\8810020214 _9538423 |
| 801 | 0 |
_aRU _bNLR _gpsbo |
|
| 801 | 1 |
_aRU _bELAR _2rusmarc |
|
| 852 |
_aNLR _j68-4/6239 |
||
| 942 | _cBOOK | ||
| 980 | _aNB | ||